NHL Vezina Winners Sudden Death - Statistics

General Stats
  • This quiz has been taken 74 times
  • The average score is 10 of 24
Answers on the Grid
Answers color-coded by a green-red scale on the quiz's grid according to % correct below.
Ilya Sorokin
Connor Hellebuyck
Robin Lehner
Linus Ullmark
Igor Shesterkin
Jusse Saros
Marc-Andre Fleury
Andrei Vasilevskiy
Ilya Bryzgalov
Sergei Bobrovsky
Steve Mason
Braden Holtby
Carey Price
Tukka Rask
Marty Turco
Henrik Lundqvist
Roberto Luongo
Tim Thomas
Ryan Miller
Martin Brodeur
Jonathan Quick
Mikka Kiprusoff
Jose Theodore
Ben Bishop
Dominik Hasek
Brian Elliott
Pekka rinne
Tomas Vokun
Patrick Roy
Ed Belfour
Evgeni Nabokov
Ron Hextall
Cam Ward
Olaf Kolzig
Jim Carey
Jake Allen
Tom Barrasso
Jordan Binnington
Billy Smith
Jean-Sebastien Giguere
 
Answer Stats
Answer % Correct
Connor Hellebuyck
80%
Sergei Bobrovsky
78%
Marc-Andre Fleury
73%
Carey Price
70%
Andrei Vasilevskiy
63%
Martin Brodeur
63%
Igor Shesterkin
60%
Henrik Lundqvist
55%
Linus Ullmark
55%
Tukka Rask
45%
Braden Holtby
38%
Dominik Hasek
38%
Jose Theodore
33%
Patrick Roy
33%
Mikka Kiprusoff
30%
Pekka rinne
28%
Ed Belfour
25%
Tim Thomas
25%
Ryan Miller
23%
Jim Carey
18%
Billy Smith
13%
Olaf Kolzig
13%
Ron Hextall
13%
Tom Barrasso
13%
No matching quizzes found
Score Distribution
Percent of People with Each Score
Percentile by Number Answered
Your Score History
You have not taken this quiz